000
00281nam a22001337a 4500
008
170914b xxu||||| |||| 00| 0 eng d
020
_a
0517558432
041
_a
eng
080
_a
7
100
_a
44
101
_a
ART
245
_a
GLORIOS KNITS
_c
FASSETT/K
942
_2
udc
_c
BK
999
_c
27674
_d
27674